| 000 | 00685nam a2200253Ia 4500 | ||
|---|---|---|---|
| 003 | OSt | ||
| 005 | 20220918163853.0 | ||
| 006 | a|||||r|||| 00| 0 | ||
| 007 | ta | ||
| 008 | 220917b |||||||| |||| 00| 0 eng d | ||
| 020 | _a0333300130 | ||
| 024 | _a36,409 | ||
| 037 | _cTextual | ||
| 040 |
_aARTS _cARTS _beng |
||
| 041 |
_2eng _aeng |
||
| 082 | _aO11197925:gM, M1 | ||
| 100 |
_aDash J Micheal _915830 |
||
| 245 | 0 | _aLiterature and ideology in Haiti 1915-1961 | |
| 260 |
_aLondon _bmacmillan UK _c1981 |
||
| 300 |
_axv,213p. _ccm. |
||
| 650 | _aENGLISH LITERATURE | ||
| 942 |
_hO11197925:gM, M1 _cTEXL _2CC |
||
| 999 |
_c121951 _d121951 |
||